Koza, která žere hady výpravy za původními obyvateli džunglí Kambodže a Kalimantanu

Podrobná bibliografia
Hlavný autor: Nožina, Miroslav, 1962- (Autor)
Ďalší autori: Havlík, Jaroslav (Fotograf), Hošek, Jan (Ilustrátor)
Médium: Kniha
Jazyk:čeština
Fyzický popis:199 s. ilustr. 24 cm
Vydavateľské údaje: Brno Jota 2006
ISBN:8072173898
Vydanie:1. vyd.
Edícia:Jota cestopisy
Predmet:

MARC

LEADER 00000cam a2200000 a 4500
001 vtls008700225
003 SK-MaSNL
005 20260302060030.0
008 240314s2006 xr a g 000 1 cze
020 |a 8072173898  |q (viaz.) 
040 |a SNK  |b slo  |c SNK  |e AACR2 
041 0 |a cze 
043 |a a-cb---  |a a-io--- 
044 |a xr  |c CZ 
072 7 |a 913(5)  |x Geografia Ázie, reálie, cestovanie  |2 konspekt 
080 |a 316.347-054.51  |2 2001 
080 |a 316.72/.75  |2 2001 
080 |a (594)  |2 2001 
080 |a 910.4  |2 2001 
080 |a (596)  |2 2001 
080 |a (0:82-992)  |2 2001 
100 1 |a Nožina, Miroslav,  |d 1962-  |4 aut  |9 86288 
245 1 0 |a Koza, která žere hady  |b výpravy za původními obyvateli džunglí Kambodže a Kalimantanu  |c Miroslav Nožina ; [fotografie Jaroslav Havlík ... [et al.] ; ilustrace Jan Hošek] 
250 |a 1. vyd. 
260 |a Brno  |b Jota  |c 2006 
300 |a 199 s.  |b ilustr.  |c 24 cm 
490 1 |a Jota cestopisy 
650 0 7 |a domorodci  |2 SNKPH  |9 79835 
650 0 7 |a výskumné expedície  |2 SNKPH  |9 79794 
650 0 7 |a kultúra a spoločnosť  |2 SNKPH  |9 4083 
650 0 7 |a Research expeditions  |2 SNKPHeng  |9 343147 
650 0 7 |a Aborigines  |2 SNKPHeng  |9 322922 
650 0 7 |a Culture and society  |2 SNKPHeng  |9 265089 
651 7 |a Kambodža  |2 SNKPH  |9 26424 
651 7 |a Indonézia  |2 SNKPH  |9 20700 
651 7 |a Cambodia  |2 SNKPHeng  |9 335730 
651 7 |a Indonesia  |2 SNKPHeng  |9 299082 
655 7 |a cestopisy  |2 SNKPH  |9 70220 
655 7 |a Books of travels  |2 SNKPHeng  |9 280380 
700 1 |a Havlík, Jaroslav  |4 pht  |9 717171 
700 1 |a Hošek, Jan  |4 ill  |9 396066 
830 0 |a Jota cestopisy  |9 717172 
919 |a 80-7217-389-8 
999 |c 1119701  |d 1121631 
952 |t snkNOZ 910.4(594)  |a SNKUST  |b SNKUST  |y PREZ  |7 0  |p 17A0509741  |o snkIC 135550  |i snk2007/20453  |8 3  |g 16.13  |0 0  |1 0  |4 0  |d 2007-09-13  |l 0  |r 2025-05-28 00:00:00  |w 2026-02-24